000 00620nam a2200193Ia 4500
003 OSt
005 20221007083209.0
006 a|||||r|||| 00| 0
007 ta
008 221006b |||||||| |||| 00| 0 eng d
024 _a23,280
037 _cDissertations
040 _aFLL
_cFLL
_beng
041 _2eng
_aeng
100 _aRao Ponnada Venkata
_9700445
245 0 _aCritical appraisal of law relating to prevention and cure of industrial sickness with special emphasis on sick industrial companies (special provisions) act, 1985
942 _cDIS
_2CC
999 _c1169197
_d1169197